| 000 | nam a22 a 4500 | ||
|---|---|---|---|
| 999 |
_c390407 _d390407 |
||
| 003 | BLK | ||
| 005 | 20201021131024.0 | ||
| 008 | 201020b bu ||||| |||| 00| 0 bu d | ||
| 040 | _aBLK | ||
| 041 |
_aRUS _cRUS |
||
| 080 |
_aРуска литература _b821.161.1 _z821.161.1 |
||
| 100 |
_91299 _aСтрахов, Николай Николаевич _eпърви автор |
||
| 139 | _9Страхов, Николай Николаевич | ||
| 245 |
_aКритические статьи об И.С. Тургеневе и Л.Н. Толстом (1862-1885) _cН. Страхов |
||
| 260 |
_aСанкт-Петербург _c1887 _9435453 _b тип. бр. Пантелеевых |
||
| 300 |
_a[2], XX, 484 с. _c21 см |
||
| 380 | _a82 | ||
| 490 |
_9435080 _aКолекция Редки и ценни издания |
||
| 650 | 0 |
_9249426 _aРуска литература |
|
| 852 |
_aРр 887 _bРц |
||
| 942 |
_cKNG _n0 _s1 |
||
| 944 |
_aCR _c2020-10-21 _kРенета Константинова |
||
| 999 | _d390364 | ||